| 000 | 00470nam a22001337a 4500 | ||
|---|---|---|---|
| 082 | _aMS-CSE-2 MUD | ||
| 100 |
_aMudasar Bacha _998972 |
||
| 245 | _aAnalysis of linear cooperative multi-hop networks subject to correlated shadowing and composite shadowing-fading | ||
| 260 |
_aIslamabad _bNUST university _c2013 |
||
| 300 |
_a53p. : _eCD-Rom |
||
| 500 | _aSupervisor: Dr. Syed Ali Hassan | ||
| 856 | _uhttp://10.250.8.41:8080/xmlui/handle/123456789/9613 | ||
| 942 |
_cPR _2ddc |
||
| 999 |
_c12257 _d12257 |
||